000 00300nam a2200121Ia 4500
008 190802s9999 xx 000 0 und d
020 _a978-969-75-33-44-2
100 _aMuhammad Nasir Khan
245 0 _aKam Waqt Ziyada Kamyabi
260 _aLahore
_bDarulshaour
_c2017
300 _a320:p
942 _cBK
999 _c2528
_d2528